00376nam a2200133Ia 450000500170000000800410001702000150005808200130007310000150008624500390010126000350014030000140017550000530018920250701164809.0240331s9999 xx 000 0 und d a9559318047 bSADa800 aSadavi,N.L 0aNayil nadee thera deviyan miyadeyi aColombobA woman's Voicec1995 a160 p ., aSinhala Version of the book god dies by the Nile